000 00609nam a2200181 i 4500
001 70429
003 ES-MaACL
005 20230906170821.0
007 t|
008 040723s1925 sp ||||1| spa d
100 1 _aGarcía Soriano, Justo,
_d1884-1949
_955310
245 1 3 _aEl humanista Francisco Cascales
_b: su vida y sus obras : estudio biográfico, bibliográfico y crítico /
_cJusto García Soriano.
260 _aMadrid :
_bRevista de Archivos,
_c1925.
300 _a303 p. ;
_c25 cm.
600 0 4 _aCascales, Francisco.
_936268
852 _aES-MaACL
_jF-4203
_bR.5462
999 _c70429
_d70429